000 00288nam a22001217a 4500
008 181003b xxu||||| |||| 00| 0 eng d
041 _aeng
080 _a321
100 _a20
101 _aPOL
245 _aVoice In the Mountains The Incredible Story
_cKelly.. L.C
942 _2udc
_cBK
999 _c48789
_d48789